Catálogo

Análisis de datos en la investigación social de la familia / (Registro nro. 62124)

Detalles MARC
000 -LEADER
fixed length control field 01633cam a2200409 i 4500
001 - CONTROL NUMBER
control field 62124
003 - CONTROL NUMBER IDENTIFIER
control field Mx-PuUPA
005 - DATE AND TIME OF LATEST TRANSACTION
control field 20251020080348.0
008 - FIXED-LENGTH DATA ELEMENTS--GENERAL INFORMATION
fixed length control field 150225s2008 sp ad gr 000 spa d
017 ## - COPYRIGHT OR LEGAL DEPOSIT NUMBER
Copyright or legal deposit number M.9.970-2008
020 ## - INTERNATIONAL STANDARD BOOK NUMBER
International Standard Book Number 9788496889118
040 ## - CATALOGING SOURCE
Original cataloging agency Mx-PuUPA
Language of cataloging spa
Transcribing agency Mx-PuUPA
Modifying agency Mx-PuUPA
Description conventions rda
041 0# - LANGUAGE CODE
Language code of text/sound track or separate title spa
245 00 - TITLE STATEMENT
Title Análisis de datos en la investigación social de la familia /
Statement of responsibility, etc. Nuria Badenes Plá, Má. Teresa López López, Carolina Navarro Ruiz, [y otros cuatro] ; dirección y coordinación, Ma. Teresa López López, Daniel Satín González
250 ## - EDITION STATEMENT
Edition statement Primera edición
264 #1 - PRODUCTION, PUBLICATION, DISTRIBUTION, MANUFACTURE, AND COPYRIGHT NOTICE
Place of production, publication, distribution, manufacture Madrid :
Name of producer, publisher, distributor, manufacturer Ediciones Cinca,
Date of production, publication, distribution, manufacture, or copyright notice 2008
300 ## - PHYSICAL DESCRIPTION
Extent 241 páginas :
Other physical details ilustraciones, gráficas ;
Dimensions 24 cm +
Accompanying material 1 disco de computadora (4 3/4 plg.)
336 ## - CONTENT TYPE
Content type term texto
Fuente rdacontent
Content type code txt
337 ## - MEDIA TYPE
Media type term sin medio
Source rdamedia
Media type code n
337 ## - MEDIA TYPE
Media type term computadora
Source rdamedia
Media type code c
338 ## - CARRIER TYPE
Carrier type term volumen
Source rdacarrier
Carrier type code nc
338 ## - CARRIER TYPE
Carrier type term disco compacto
Source rdacarrier
Carrier type code cd
490 0# - SERIES STATEMENT
Series statement Colección Acción Familiar ;
Volume/sequential designation 8
650 #7 - SUBJECT ADDED ENTRY--TOPICAL TERM
Source of heading or term armarc
Topical term or geographic name entry element Investigaciones evaluativas (programas de acción social)
650 #7 - SUBJECT ADDED ENTRY--TOPICAL TERM
Source of heading or term armarc
Topical term or geographic name entry element Análisis de datos
650 #7 - SUBJECT ADDED ENTRY--TOPICAL TERM
Source of heading or term armarc
Topical term or geographic name entry element Evaluación
650 #7 - SUBJECT ADDED ENTRY--TOPICAL TERM
Source of heading or term armarc
Topical term or geographic name entry element Investigación social
650 #7 - SUBJECT ADDED ENTRY--TOPICAL TERM
Source of heading or term armarc
Topical term or geographic name entry element Familias
700 1# - ADDED ENTRY--PERSONAL NAME
Personal name Badenes Plá, Nuria,
Relator term autor
700 1# - ADDED ENTRY--PERSONAL NAME
Personal name López López, María Teresa,
Relator term autor
700 1# - ADDED ENTRY--PERSONAL NAME
Personal name Navarro Ruiz, Carolina
Relator term autor
9 (RLIN) 520
700 1# - ADDED ENTRY--PERSONAL NAME
Personal name López López, Ma. Teresa,
Relator term director
-- coordinador
700 1# - ADDED ENTRY--PERSONAL NAME
Personal name Satín González, Daniel,
Relator term director
-- coordinador
942 ## - ADDED ENTRY ELEMENTS (KOHA)
Source of classification or shelving scheme Dewey Decimal Classification
Koha item type Libro
Classification part 352.75
Item part A53
Existencias
Withdrawn status Lost status Source of classification or shelving scheme Damaged status Not for loan Collection code Home library Current library Shelving location Date acquired Source of acquisition Total Checkouts Full call number Barcode Date last seen Copy number Price effective from Koha item type
    Dewey Decimal Classification     General Biblioteca Karol Wojtyla Biblioteca Karol Wojtyla Sala general 25/02/2015 Compra   352.75 A53 2008 93443 05/01/2026 Ej.2 16/02/2016 Libro
    Dewey Decimal Classification     General Biblioteca Karol Wojtyla Biblioteca Karol Wojtyla Sala general 25/02/2015 Compra   352.75 A53 2008 93442 05/01/2026   16/02/2016 Libro
    Dewey Decimal Classification     Audiovisual Biblioteca Karol Wojtyla Biblioteca Karol Wojtyla Módulo de circulación 02/09/2019     352.75 A53 2008 700403 02/09/2019   02/09/2019 Cd-Rom
    Dewey Decimal Classification     Audiovisual Biblioteca Karol Wojtyla Biblioteca Karol Wojtyla Módulo de circulación 02/09/2019     352.75 A53 2008 700404 02/09/2019 Ej.2 02/09/2019 Cd-Rom